Plant health: The scientific basis for administrative control of plant diseases and pests (Record no. 36721)

MARC details
000 -LEADER
fixed length control field 00423nam a2200145Ia 4500
082 ## - DEWEY DECIMAL CLASSIFICATION NUMBER
Classification number 581.2+632.6/.7
Item number EBB;1
100 ## - MAIN ENTRY--AUTHOR NAME
Personal name EBBELS, D L
245 #0 - TITLE STATEMENT
Title Plant health: The scientific basis for administrative control of plant diseases and pests
260 ## - PUBLICATION, DISTRIBUTION, ETC. (IMPRINT)
Place of publication Oxford
Name of publisher Blackwell
Year of publication 1979
650 ## - SUBJECT ADDED ENTRY--TOPICAL TERM
Topical Term Eradication
650 ## - SUBJECT ADDED ENTRY--TOPICAL TERM
Topical Term Plant health
700 ## - ADDED ENTRY--PERSONAL NAME
Personal name KING, J E
942 ## - ADDED ENTRY ELEMENTS (KOHA)
Koha item type Books
Holdings
Withdrawn status Lost status Damaged status Not for loan Home library Current library Date acquired Full call number Accession Number Koha item type
        RRII Library RRII Library 16/12/2021 581.2+632.6/.7 EBB;1 17122 Books